Course in convexity (Record no. 761170)
[ view plain ]
| 000 -LEADER | |
|---|---|
| fixed length control field | 00494nam a22001817a 4500 |
| 020 ## - INTERNATIONAL STANDARD BOOK NUMBER | |
| ISBN | 9789349750258 |
| 100 ## - MAIN ENTRY--AUTHOR NAME | |
| Personal name | Barvinok, Alexander |
| 245 ## - TITLE STATEMENT | |
| Title | Course in convexity |
| 260 ## - PUBLICATION, DISTRIBUTION, ETC. (IMPRINT) | |
| Place of publication | Telangana |
| Name of publisher | Universities press |
| Year of publication | 2026 |
| 300 ## - PHYSICAL DESCRIPTION | |
| Number of Pages | x+366 |
| 490 ## - SERIES STATEMENT | |
| Series statement | Graduate studies in mathematics |
| 500 ## - GENERAL NOTE | |
| General note | Graduate studies in mathematics vol 54 |
| 650 ## - SUBJECT ADDED ENTRY--TOPICAL TERM | |
| Topical Term | Linear Programming |
| 650 ## - SUBJECT ADDED ENTRY--TOPICAL TERM | |
| Topical Term | Topology |
| 650 ## - SUBJECT ADDED ENTRY--TOPICAL TERM | |
| Topical Term | Polytope |
| 942 ## - ADDED ENTRY ELEMENTS (KOHA) | |
| Source of classification or shelving scheme | Dewey Decimal Classification |
| Koha item type | Book |
| Withdrawn status | Lost status | Source of classification or shelving scheme | Damaged status | Not for loan | Collection code | Home Library | Current Location | Shelving location | Date acquired | Source of acquisition | Cost, normal purchase price | Full call number | Accession Number | Price effective from | Koha item type |
|---|---|---|---|---|---|---|---|---|---|---|---|---|---|---|---|
| Dewey Decimal Classification | Gift or donation | Dept. of Mathematics | Dept. of Mathematics | General Stacks | 14/05/2026 | 032/NBHM 0038 (Gift from NBHM) | 1695.00 | 516.08 BAR-C | MATG285 | 02/07/2026 | Book |
